[Event "Rapid 2018"]
[Site "Saint-Petersburg"]
[Date "2018.12.27"]
[Round "10"]
[Board "31"]
[White "Bocharov Ivan (RUS)"]
[Black "Tang Andrew (USA)"]
[Result "1/2-1/2"]
[LiveChessVersion "1.4.8"]
[BlackElo "2281"]
[WhiteElo "2657"]

1. e4 {[%clk 0:15:20]} e5 {[%clk 0:15:19]} 2. Bc4 {[%clk 0:15:28]} Nf6
{[%clk 0:15:26]} 3. d3 {[%clk 0:15:35]} Nc6 {[%clk 0:15:34]} 4. Nf3
{[%clk 0:15:42]} Bc5 {[%clk 0:15:35]} 5. O-O {[%clk 0:15:47]} a6 {[%clk 0:15:43]}
6. Bg5 {[%clk 0:14:51]} h6 {[%clk 0:15:46]} 7. Bh4 {[%clk 0:14:59]} g5
{[%clk 0:15:54]} 8. Bg3 {[%clk 0:15:07]} d6 {[%clk 0:16:02]} 9. c3
{[%clk 0:14:54]} Bg4 {[%clk 0:14:42]} 10. Nbd2 {[%clk 0:14:43]} Nh5
{[%clk 0:14:26]} 11. b4 {[%clk 0:13:32]} Bb6 {[%clk 0:14:15]} 12. Bd5
{[%clk 0:12:42]} Qf6 {[%clk 0:13:55]} 13. a4 {[%clk 0:12:35]} Rb8
{[%clk 0:13:54]} 14. a5 {[%clk 0:11:29]} Ba7 {[%clk 0:14:02]} 15. b5
{[%clk 0:11:38]} axb5 {[%clk 0:12:52]} 16. a6 {[%clk 0:11:42]} Ne7
{[%clk 0:13:00]} 17. axb7 {[%clk 0:10:20]} Nxd5 {[%clk 0:12:10]} 18. Rxa7
{[%clk 0:09:05]} Nxc3 {[%clk 0:12:17]} 19. Qb3 {[%clk 0:07:55]} Ne2+
{[%clk 0:12:15]} 20. Kh1 {[%clk 0:08:03]} Bd7 {[%clk 0:12:22]} 21. Re1
{[%clk 0:06:57]} Nef4 {[%clk 0:12:06]} 22. d4 {[%clk 0:06:57]} g4
{[%clk 0:11:02]} 23. dxe5 {[%clk 0:06:20]} dxe5 {[%clk 0:11:10]} 24. Nh4
{[%clk 0:06:26]} O-O {[%clk 0:10:30]} 25. Nf5 {[%clk 0:06:21]} Qb6
{[%clk 0:07:59]} 26. Rea1 {[%clk 0:06:27]} Bxf5 {[%clk 0:07:48]} 27. exf5
{[%clk 0:06:33]} Rxb7 {[%clk 0:07:50]} 28. R7a6 {[%clk 0:05:41]} Qd4
{[%clk 0:07:16]} 29. Qc2 {[%clk 0:04:52]} Nd3 {[%clk 0:05:24]} 30. Nb3
{[%clk 0:03:47]} Qe4 {[%clk 0:03:59]} 31. Bxe5 {[%clk 0:02:32]} Re8
{[%clk 0:03:16]} 32. Ra8 {[%clk 0:02:03]} Qxe5 {[%clk 0:02:33]} 33. Rxe8+
{[%clk 0:02:07]} Qxe8 {[%clk 0:02:42]} 34. Qxd3 {[%clk 0:02:16]} Qe5
{[%clk 0:02:51]} 35. Qd2 {[%clk 0:01:46]} Kg7 {[%clk 0:02:56]} 36. Re1
{[%clk 0:01:49]} Qxf5 {[%clk 0:02:51]} 37. Nd4 {[%clk 0:01:58]} Qf4
{[%clk 0:02:10]} 38. Qd3 {[%clk 0:01:51]} Rb6 {[%clk 0:01:38]} 39. Nf5+
{[%clk 0:01:47]} Kf6 {[%clk 0:01:44]} 40. Ne3 {[%clk 0:01:37]} Re6
{[%clk 0:01:17]} 41. Qxb5 {[%clk 0:01:36]} Kg6 {[%clk 0:01:23]} 42. Kg1
{[%clk 0:01:27]} Qe4 {[%clk 0:01:09]} 43. g3 {[%clk 0:01:19]} c6 {[%clk 0:00:36]}
44. Qb8 {[%clk 0:01:24]} Kg7 {[%clk 0:00:38]} 45. Rd1 {[%clk 0:01:15]} Nf6
{[%clk 0:00:39]} 46. Rd4 {[%clk 0:01:07]} Qf3 {[%clk 0:00:14]} 47. Qb2
{[%clk 0:01:16]} Rxe3 {[%clk 0:00:15]} 48. fxe3 {[%clk 0:01:21]} Qxe3+
{[%clk 0:00:24]} 49. Qf2 {[%clk 0:01:29]} Qe5 {[%clk 0:00:30]} 50. Rd1
{[%clk 0:00:59]} c5 {[%clk 0:00:30]} 51. Rc1 {[%clk 0:01:01]} Ne4
{[%clk 0:00:35]} 52. Qe3 {[%clk 0:01:00]} Qd5 {[%clk 0:00:43]} 53. Re1
{[%clk 0:00:57]} Ng5 {[%clk 0:00:49]} 54. Kf2 {[%clk 0:00:22]} Qf5+ 55. Kg2 Nf3
{[%clk 0:00:25]} 56. Qc3+ {[%clk 0:00:37]} Nd4 {[%clk 0:00:22]} 57. Qe3
{[%clk 0:00:21]} Qc2+ {[%clk 0:00:20]} 58. Qf2 {[%clk 0:00:25]} Nf3
{[%clk 0:00:19]} 59. Re2 {[%clk 0:00:25]} Qd1 {[%clk 0:00:23]} 60. Re4
{[%clk 0:00:22]} h5 {[%clk 0:00:25]} 61. Qxc5 {[%clk 0:00:16]} Qd2+
{[%clk 0:00:17]} 62. Qf2 {[%clk 0:00:24]} Qd5 {[%clk 0:00:24]} 63. Qe3
{[%clk 0:00:26]} Kg6 {[%clk 0:00:13]} 64. Kf2 {[%clk 0:00:29]} Qa2+
{[%clk 0:00:13]} 65. Qe2 {[%clk 0:00:37]} Qxe2+ {[%clk 0:00:17]} 66. Rxe2
{[%clk 0:00:39]} Nxh2 {[%clk 0:00:25]} 67. Ke3 {[%clk 0:00:48]} Nf3
{[%clk 0:00:31]} 68. Kf4 {[%clk 0:00:58]} f6 {[%clk 0:00:31]} 69. Ra2
{[%clk 0:00:29]} Ng5 {[%clk 0:00:22]} 70. Ra8 {[%clk 0:00:34]} Ne6+
{[%clk 0:00:26]} 71. Ke4 {[%clk 0:00:42]} Nc5+ {[%clk 0:00:33]} 72. Ke3
{[%clk 0:00:50]} Ne6 1/2-1/2

[Event "Rapid 2018"]
[Site "Saint-Petersburg"]
[Date "2018.12.27"]
[Round "10"]
[Board "32"]
[White "Yuffa Daniil (RUS)"]
[Black "Mamedov Rauf (AZE)"]
[Result "1/2-1/2"]
[LiveChessVersion "1.4.8"]
[BlackElo "2739"]
[WhiteElo "2573"]

1. d4 {[%clk 0:15:19]} d5 {[%clk 0:15:19]} 2. c4 {[%clk 0:15:27]} e6
{[%clk 0:15:28]} 3. Nf3 {[%clk 0:15:34]} c5 {[%clk 0:15:37]} 4. g3
{[%clk 0:15:23]} Nc6 {[%clk 0:15:44]} 5. Bg2 {[%clk 0:15:28]} Nf6
{[%clk 0:15:31]} 6. O-O {[%clk 0:15:36]} Be7 {[%clk 0:15:32]} 7. cxd5
{[%clk 0:14:16]} exd5 {[%clk 0:15:41]} 8. Nc3 {[%clk 0:14:25]} O-O
{[%clk 0:15:49]} 9. Bg5 {[%clk 0:14:26]} c4 {[%clk 0:15:58]} 10. Ne5
{[%clk 0:14:35]} Be6 {[%clk 0:16:08]} 11. e3 {[%clk 0:13:46]} h6 {[%clk 0:14:36]}
12. Bxf6 {[%clk 0:13:53]} Bxf6 {[%clk 0:14:46]} 13. f4 {[%clk 0:12:06]} Bxe5
{[%clk 0:14:24]} 14. dxe5 {[%clk 0:11:57]} Qb6 {[%clk 0:11:18]} 15. f5
{[%clk 0:09:38]} Qxe3+ {[%clk 0:09:45]} 16. Kh1 {[%clk 0:09:47]} Bc8
{[%clk 0:09:33]} 17. Nxd5 {[%clk 0:08:22]} Qxe5 {[%clk 0:09:40]} 18. Qd2
{[%clk 0:07:04]} Rd8 {[%clk 0:06:53]} 19. Rae1 {[%clk 0:05:40]} Qd4
{[%clk 0:06:19]} 20. Qxd4 {[%clk 0:04:22]} Nxd4 {[%clk 0:06:28]} 21. Ne7+
{[%clk 0:04:10]} Kf8 {[%clk 0:06:19]} 22. Re4 {[%clk 0:04:00]} Nb5
{[%clk 0:04:40]} 23. a4 {[%clk 0:01:18]} Nd6 {[%clk 0:04:25]} 24. Re5
{[%clk 0:01:15]} Bd7 {[%clk 0:03:54]} 25. a5 {[%clk 0:01:12]} Re8
{[%clk 0:03:31]} 26. Rfe1 {[%clk 0:00:55]} Rad8 {[%clk 0:01:11]} 27. g4
{[%clk 0:00:59]} b5 {[%clk 0:00:44]} 28. axb6 {[%clk 0:00:33]} axb6
{[%clk 0:00:53]} 29. Nd5 {[%clk 0:00:25]} Rxe5 {[%clk 0:00:42]} 30. Rxe5
{[%clk 0:00:34]} b5 {[%clk 0:00:44]} 31. Nb6 {[%clk 0:00:42]} Be8
{[%clk 0:00:49]} 32. h4 {[%clk 0:00:29]} Rb8 {[%clk 0:00:53]} 33. Nd5
{[%clk 0:00:22]} b4 {[%clk 0:01:02]} 34. Re1 {[%clk 0:00:16]} h5 {[%clk 0:01:02]}
35. gxh5 {[%clk 0:00:19]} Nxf5 {[%clk 0:01:11]} 36. Rc1 {[%clk 0:00:21]} Nd6
{[%clk 0:00:56]} 37. Ne3 {[%clk 0:00:20]} Bb5 {[%clk 0:00:33]} 38. Rd1
{[%clk 0:00:29]} Ne8 {[%clk 0:00:43]} 39. Kg1 {[%clk 0:00:27]} Nf6
{[%clk 0:00:45]} 40. Rd4 {[%clk 0:00:27]} Rc8 {[%clk 0:00:48]} 41. Bf1
{[%clk 0:00:26]} c3 {[%clk 0:00:36]} 42. Bxb5 {[%clk 0:00:28]} cxb2
{[%clk 0:00:45]} 43. Bd3 {[%clk 0:00:18]} Rc3 {[%clk 0:00:38]} 44. Rxb4
{[%clk 0:00:16]} Rxd3 {[%clk 0:00:46]} 45. Rb8+ {[%clk 0:00:24]} Ke7
{[%clk 0:00:55]} 46. Nf5+ {[%clk 0:00:32]} Ke6 {[%clk 0:00:53]} 47. Nxg7+
{[%clk 0:00:39]} Ke5 {[%clk 0:00:59]} 48. Rxb2 {[%clk 0:00:45]} Rg3+
{[%clk 0:00:42]} 49. Rg2 {[%clk 0:00:54]} Kf4 {[%clk 0:00:49]} 50. h6
{[%clk 0:00:51]} Rxg2+ {[%clk 0:00:58]} 51. Kxg2 {[%clk 0:01:00]} Kg4
{[%clk 0:01:07]} 52. Ne8 {[%clk 0:00:29]} Nh7 {[%clk 0:01:16]} 53. Nd6
{[%clk 0:00:36]} Kxh4 {[%clk 0:01:17]} 54. Nxf7 {[%clk 0:00:43]} Kh5
{[%clk 0:01:27]} 1/2-1/2

[Event "Rapid 2018"]
[Site "Saint-Petersburg"]
[Date "2018.12.27"]
[Round "10"]
[Board "33"]
[White "Bosiocic Marin (CRO)"]
[Black "Tomashevsky Evgeny (RUS)"]
[Result "1/2-1/2"]
[LiveChessVersion "1.4.8"]
[BlackElo "2737"]
[WhiteElo "2584"]

1. e4 {[%clk 0:15:09]} e5 {[%clk 0:15:19]} 2. Nf3 {[%clk 0:15:28]} Nc6
{[%clk 0:15:28]} 3. Bc4 Bc5 {[%clk 0:15:35]} 4. c3 {[%clk 0:15:45]} Nf6
{[%clk 0:15:43]} 5. d4 {[%clk 0:15:54]} exd4 {[%clk 0:15:45]} 6. e5
{[%clk 0:16:03]} d5 {[%clk 0:15:48]} 7. Bb5 {[%clk 0:16:12]} Ne4 {[%clk 0:15:54]}
8. cxd4 {[%clk 0:16:21]} Bb6 {[%clk 0:16:01]} 9. Nc3 {[%clk 0:16:30]} O-O
{[%clk 0:16:02]} 10. Be3 {[%clk 0:16:39]} Bg4 {[%clk 0:15:08]} 11. h3
{[%clk 0:16:47]} Bh5 {[%clk 0:14:23]} 12. Qc2 {[%clk 0:16:56]} Bg6
{[%clk 0:13:17]} 13. Qb3 {[%clk 0:17:04]} Ne7 {[%clk 0:11:41]} 14. O-O
{[%clk 0:17:12]} c6 {[%clk 0:11:22]} 15. Bd3 {[%clk 0:17:21]} Nxc3
{[%clk 0:09:46]} 16. Qxc3 {[%clk 0:17:22]} Qd7 {[%clk 0:08:12]} 17. Nh4
{[%clk 0:16:24]} Be4 {[%clk 0:08:16]} 18. f3 {[%clk 0:15:36]} Bxd3
{[%clk 0:07:08]} 19. Qxd3 {[%clk 0:15:44]} f5 {[%clk 0:07:03]} 20. f4
{[%clk 0:15:28]} Qe6 {[%clk 0:06:20]} 21. Kh2 {[%clk 0:15:26]} Ng6
{[%clk 0:06:28]} 22. Nf3 {[%clk 0:15:12]} Bd8 {[%clk 0:06:36]} 23. Rg1
{[%clk 0:15:19]} Be7 {[%clk 0:06:04]} 24. Rac1 {[%clk 0:15:15]} a5
{[%clk 0:05:54]} 25. a4 {[%clk 0:15:15]} Rf7 {[%clk 0:05:08]} 26. Rc2
{[%clk 0:15:22]} h5 {[%clk 0:04:32]} 27. g3 {[%clk 0:15:25]} Nf8 {[%clk 0:04:37]}
28. Kh1 {[%clk 0:15:05]} Qh6 {[%clk 0:04:16]} 29. Rh2 {[%clk 0:15:13]} Ne6
{[%clk 0:04:23]} 30. Qd2 {[%clk 0:13:51]} Qh7 {[%clk 0:04:20]} 31. Qg2
{[%clk 0:13:26]} Kf8 {[%clk 0:04:22]} 32. Bc1 {[%clk 0:13:23]} Ke8
{[%clk 0:04:26]} 33. Qc2 {[%clk 0:12:54]} Kd7 {[%clk 0:04:13]} 34. Bd2
{[%clk 0:12:53]} g6 {[%clk 0:03:22]} 35. Rc1 {[%clk 0:12:25]} Qg8
{[%clk 0:02:46]} 36. Qb3 {[%clk 0:12:28]} Qb8 {[%clk 0:02:51]} 37. h4
{[%clk 0:12:01]} Qa7 {[%clk 0:02:56]} 38. Bc3 {[%clk 0:12:09]} Rff8
{[%clk 0:02:37]} 39. Qd1 {[%clk 0:12:04]} Qa6 {[%clk 0:02:35]} 40. b3
{[%clk 0:11:52]} Rfb8 {[%clk 0:02:34]} 41. Rhc2 {[%clk 0:11:58]} Ba3
{[%clk 0:02:40]} 42. Ra1 {[%clk 0:12:06]} Be7 {[%clk 0:02:48]} 43. Kg2
{[%clk 0:12:08]} Ke8 {[%clk 0:02:37]} 44. Bb2 {[%clk 0:12:09]} Qb6
{[%clk 0:02:13]} 45. Qd3 {[%clk 0:12:01]} Ra6 {[%clk 0:01:21]} 46. Ba3
{[%clk 0:11:42]} Bxa3 {[%clk 0:01:22]} 47. Rxa3 {[%clk 0:11:50]} Ke7
{[%clk 0:01:31]} 48. Ra1 {[%clk 0:11:50]} Qb4 {[%clk 0:01:39]} 49. Rd1
{[%clk 0:11:50]} Rb6 {[%clk 0:01:46]} 50. Rc3 {[%clk 0:11:58]} Qa3
{[%clk 0:01:38]} 51. Ne1 {[%clk 0:11:55]} Kf7 {[%clk 0:01:29]} 52. Qb1
{[%clk 0:11:16]} Qb4 {[%clk 0:01:28]} 53. Rcd3 {[%clk 0:11:24]} Qe7
{[%clk 0:01:25]} 54. Nc2 {[%clk 0:11:25]} Ra8 {[%clk 0:01:23]} 55. Rc3
{[%clk 0:11:06]} Ke8 {[%clk 0:01:42]} 56. Kh3 {[%clk 0:11:11]} Kd8
{[%clk 0:01:44]} 57. Qc1 {[%clk 0:11:00]} Ke8 {[%clk 0:01:51]} 58. Ne1
{[%clk 0:11:01]} Rb4 {[%clk 0:01:56]} 59. Nc2 {[%clk 0:11:02]} Rb6
{[%clk 0:02:04]} 60. Kg2 {[%clk 0:10:34]} Kd8 {[%clk 0:02:12]} 61. Kf3
{[%clk 0:10:41]} Ke8 {[%clk 0:02:20]} 62. Ke3 {[%clk 0:10:24]} Kd8
{[%clk 0:02:27]} 63. Qa3 {[%clk 0:10:26]} Qxa3 {[%clk 0:02:27]} 64. Nxa3
{[%clk 0:10:34]} Kd7 {[%clk 0:02:31]} 65. Nc2 {[%clk 0:10:40]} Rba6
{[%clk 0:02:35]} 66. Ne1 {[%clk 0:10:44]} Kc7 {[%clk 0:02:17]} 67. Rdc1
{[%clk 0:10:47]} Kd7 {[%clk 0:02:20]} 68. Nd3 {[%clk 0:10:55]} Rb6
{[%clk 0:02:24]} 69. Rd1 {[%clk 0:10:11]} Kc7 {[%clk 0:02:23]} 70. Rb1
{[%clk 0:08:28]} Kd7 {[%clk 0:02:28]} 71. Rc2 {[%clk 0:08:35]} Kd8
{[%clk 0:02:28]} 72. Rcb2 {[%clk 0:08:35]} Kc8 {[%clk 0:02:19]} 73. Rc2 1/2-1/2

[Event "Rapid 2018"]
[Site "Saint-Petersburg"]
[Date "2018.12.27"]
[Round "10"]
[Board "34"]
[White "Hovhannisyan Robert (ARM)"]
[Black "Melkumyan Hrant (ARM)"]
[Result "1-0"]
[LiveChessVersion "1.4.8"]
[BlackElo "2672"]
[WhiteElo "2549"]

1. e4 {[%clk 0:15:18]} c5 {[%clk 0:15:07]} 2. Nf3 {[%clk 0:14:50]} Nc6
{[%clk 0:15:12]} 3. Nc3 {[%clk 0:14:53]} g6 {[%clk 0:14:29]} 4. d4
{[%clk 0:15:01]} cxd4 {[%clk 0:14:37]} 5. Nxd4 {[%clk 0:15:09]} Bg7
{[%clk 0:14:45]} 6. Be3 {[%clk 0:15:13]} Nf6 {[%clk 0:14:52]} 7. Be2
{[%clk 0:15:08]} d6 {[%clk 0:14:31]} 8. Qd2 {[%clk 0:15:04]} Bd7 {[%clk 0:13:50]}
9. O-O-O {[%clk 0:14:51]} Rc8 {[%clk 0:13:17]} 10. Kb1 {[%clk 0:14:33]} O-O
{[%clk 0:11:28]} 11. f3 {[%clk 0:14:20]} Ne5 {[%clk 0:10:43]} 12. g4
{[%clk 0:13:31]} b5 {[%clk 0:09:35]} 13. h4 {[%clk 0:13:30]} Bxg4
{[%clk 0:04:27]} 14. fxg4 {[%clk 0:13:00]} b4 {[%clk 0:04:32]} 15. Na4
{[%clk 0:09:06]} Qa5 {[%clk 0:04:02]} 16. b3 {[%clk 0:09:14]} Nxe4
{[%clk 0:04:09]} 17. Qe1 {[%clk 0:09:13]} Nc5 {[%clk 0:02:18]} 18. h5
{[%clk 0:08:50]} Nxa4 {[%clk 0:02:20]} 19. bxa4 {[%clk 0:08:59]} Rc3
{[%clk 0:01:11]} 20. Bc1 {[%clk 0:07:58]} Qxa4 {[%clk 0:00:33]} 21. Bb2
{[%clk 0:06:56]} Rfc8 {[%clk 0:00:34]} 22. Bb5 {[%clk 0:06:12]} Qa5
{[%clk 0:00:43]} 23. hxg6 {[%clk 0:06:06]} Nxg6 {[%clk 0:00:29]} 24. Bd7
{[%clk 0:05:53]} R8c4 {[%clk 0:00:21]} 25. Be6 {[%clk 0:04:26]} Rxd4
{[%clk 0:00:13]} 26. Bxf7+ {[%clk 0:04:25]} Kxf7 {[%clk 0:00:18]} 27. Rxd4
{[%clk 0:04:33]} Bxd4 {[%clk 0:00:21]} 28. Rxh7+ {[%clk 0:04:33]} Kg8
{[%clk 0:00:22]} 29. Rh5 {[%clk 0:04:03]} Qa4 {[%clk 0:00:20]} 30. Qe4
{[%clk 0:03:52]} Nf8 {[%clk 0:00:15]} 31. Qxd4 {[%clk 0:03:03]} Qxc2+
{[%clk 0:00:24]} 32. Ka1 1-0

[Event "Rapid 2018"]
[Site "Saint-Petersburg"]
[Date "2018.12.27"]
[Round "10"]
[Board "35"]
[White "Levin Evgeny A. (RUS)"]
[Black "Savchenko Boris (RUS)"]
[Result "1/2-1/2"]
[LiveChessVersion "1.4.8"]
[BlackElo "2660"]
[WhiteElo "2563"]

1. d4 {[%clk 0:15:18]} Nf6 {[%clk 0:15:19]} 2. c4 {[%clk 0:15:26]} g6
{[%clk 0:15:27]} 3. Nc3 {[%clk 0:15:32]} d5 {[%clk 0:15:36]} 4. cxd5
{[%clk 0:15:39]} Nxd5 {[%clk 0:15:45]} 5. e4 {[%clk 0:15:34]} Nxc3
{[%clk 0:15:53]} 6. bxc3 {[%clk 0:15:43]} Bg7 {[%clk 0:16:01]} 7. Nf3
{[%clk 0:15:50]} c5 {[%clk 0:15:43]} 8. Be3 {[%clk 0:15:58]} Qa5 {[%clk 0:14:42]}
9. Nd2 {[%clk 0:15:32]} cxd4 {[%clk 0:11:04]} 10. Nc4 {[%clk 0:15:34]} Qd8
{[%clk 0:10:28]} 11. cxd4 {[%clk 0:15:41]} O-O {[%clk 0:10:34]} 12. Rb1
{[%clk 0:14:58]} f5 {[%clk 0:09:29]} 13. Ne5 {[%clk 0:14:13]} f4 {[%clk 0:08:35]}
14. Bc4+ {[%clk 0:14:03]} Kh8 {[%clk 0:08:37]} 15. Bc1 {[%clk 0:13:58]} Bxe5
{[%clk 0:07:37]} 16. dxe5 {[%clk 0:14:05]} Qc7 {[%clk 0:05:47]} 17. Bb3
{[%clk 0:13:41]} f3 {[%clk 0:05:11]} 18. gxf3 {[%clk 0:12:36]} Qc3+
{[%clk 0:05:15]} 19. Bd2 {[%clk 0:12:06]} Qxf3 {[%clk 0:04:44]} 20. Qxf3
{[%clk 0:11:52]} Rxf3 {[%clk 0:04:52]} 21. Rg1 {[%clk 0:06:18]} Nc6
{[%clk 0:04:09]} 22. Rg3 {[%clk 0:06:10]} Nd4 {[%clk 0:03:06]} 23. Rxf3
{[%clk 0:04:48]} Nxf3+ {[%clk 0:03:14]} 24. Ke2 {[%clk 0:04:49]} Bg4
{[%clk 0:02:47]} 25. Bc3 {[%clk 0:04:01]} Rc8 {[%clk 0:02:40]} 26. Kd3
{[%clk 0:03:51]} Kg7 {[%clk 0:02:37]} 27. e6+ {[%clk 0:03:31]} Kg8
{[%clk 0:01:36]} 28. Bd5 {[%clk 0:03:14]} b6 {[%clk 0:01:43]} 29. a4
{[%clk 0:02:16]} Nxh2 {[%clk 0:01:08]} 30. a5 {[%clk 0:02:15]} Be2+
{[%clk 0:00:58]} 31. Kxe2 {[%clk 0:01:55]} Rxc3 {[%clk 0:01:05]} 32. axb6
{[%clk 0:01:54]} axb6 {[%clk 0:01:12]} 33. Rxb6 {[%clk 0:01:13]} Nf3
{[%clk 0:00:47]} 34. Rb8+ {[%clk 0:01:12]} Kg7 {[%clk 0:00:56]} 35. Re8
{[%clk 0:01:19]} Nd4+ {[%clk 0:01:04]} 36. Kd2 {[%clk 0:01:17]} Rc7
{[%clk 0:01:11]} 37. Rd8 {[%clk 0:00:40]} g5 {[%clk 0:00:29]} 38. Rd7
{[%clk 0:00:25]} Nb5 {[%clk 0:00:36]} 39. Bb3 {[%clk 0:00:14]} Kf6
{[%clk 0:00:27]} 40. Rd5 {[%clk 0:00:14]} Rb7 {[%clk 0:00:26]} 41. e5+
{[%clk 0:00:15]} Kf5 {[%clk 0:00:29]} 42. Rd7 {[%clk 0:00:23]} Rc7
{[%clk 0:00:34]} 43. Rd5 {[%clk 0:00:15]} Nc3 {[%clk 0:00:18]} 44. Rd7
{[%clk 0:00:23]} Nb5 {[%clk 0:00:16]} 45. Rd5 {[%clk 0:00:31]} Nc3
{[%clk 0:00:14]} 46. Rd7 {[%clk 0:00:41]} Ne4+ {[%clk 0:00:21]} 47. Ke2
{[%clk 0:00:22]} Rc3 {[%clk 0:00:17]} 48. Bd5 {[%clk 0:00:15]} h5
{[%clk 0:00:14]} 49. Rxe7 {[%clk 0:00:12]} Kxe5 {[%clk 0:00:13]} 50. Bxe4
{[%clk 0:00:14]} Kxe4 {[%clk 0:00:22]} 51. Rg7 {[%clk 0:00:13]} g4
{[%clk 0:00:29]} 52. e7 {[%clk 0:00:20]} Rc2+ {[%clk 0:00:32]} 53. Kf1
{[%clk 0:00:26]} Rc8 {[%clk 0:00:40]} 54. Kg2 {[%clk 0:00:18]} Ke5
{[%clk 0:00:40]} 55. Rf7 {[%clk 0:00:17]} Re8 {[%clk 0:00:48]} 56. Kg3
{[%clk 0:00:18]} Ke6 {[%clk 0:00:57]} 57. Rh7 {[%clk 0:00:26]} Kf6
{[%clk 0:01:05]} 58. Rxh5 {[%clk 0:00:22]} Rxe7 {[%clk 0:01:13]} 1/2-1/2

[Event "Rapid 2018"]
[Site "Saint-Petersburg"]
[Date "2018.12.27"]
[Round "10"]
[Board "36"]
[White "Ponkratov Pavel (RUS)"]
[Black "Piorun Kacper (POL)"]
[Result "1-0"]
[LiveChessVersion "1.4.8"]
[BlackElo "2615"]
[WhiteElo "2650"]

1. e4 {[%clk 0:15:18]} c6 {[%clk 0:15:20]} 2. d4 {[%clk 0:15:25]} d5
{[%clk 0:15:29]} 3. e5 {[%clk 0:15:35]} c5 {[%clk 0:15:38]} 4. dxc5
{[%clk 0:15:18]} e6 {[%clk 0:15:47]} 5. Be3 {[%clk 0:15:26]} Qc7 {[%clk 0:14:43]}
6. Nc3 {[%clk 0:15:14]} Bd7 {[%clk 0:14:45]} 7. Nb5 {[%clk 0:15:04]} Bxb5
{[%clk 0:14:47]} 8. Bxb5+ {[%clk 0:15:12]} Nc6 {[%clk 0:14:53]} 9. b4
{[%clk 0:14:45]} a5 {[%clk 0:14:04]} 10. a3 {[%clk 0:14:50]} Qxe5
{[%clk 0:12:26]} 11. Nf3 {[%clk 0:14:56]} Qc7 {[%clk 0:12:35]} 12. Ba4
{[%clk 0:13:53]} axb4 {[%clk 0:11:37]} 13. axb4 {[%clk 0:13:59]} Qc8
{[%clk 0:11:31]} 14. O-O {[%clk 0:11:48]} Nf6 {[%clk 0:11:19]} 15. Bxc6+
{[%clk 0:09:12]} bxc6 {[%clk 0:11:26]} 16. Rxa8 {[%clk 0:09:21]} Qxa8
{[%clk 0:11:35]} 17. Qa1 {[%clk 0:09:30]} Qc8 {[%clk 0:08:04]} 18. Qa4
{[%clk 0:09:36]} Nd7 {[%clk 0:08:07]} 19. Nd4 {[%clk 0:09:35]} Be7
{[%clk 0:07:30]} 20. Qxc6 {[%clk 0:09:20]} O-O {[%clk 0:07:21]} 21. Ra1
{[%clk 0:09:22]} e5 {[%clk 0:06:27]} 22. Nf5 {[%clk 0:09:22]} Bf6
{[%clk 0:05:36]} 23. Qxc8 {[%clk 0:08:46]} Rxc8 {[%clk 0:05:45]} 24. Nd6
{[%clk 0:08:55]} 1-0

[Event "Rapid 2018"]
[Site "Saint-Petersburg"]
[Date "2018.12.27"]
[Round "10"]
[Board "37"]
[White "Esipenko Andrey (RUS)"]
[Black "Paravyan David (RUS)"]
[Result "0-1"]
[LiveChessVersion "1.4.8"]
[BlackElo "2611"]
[WhiteElo "2643"]

1. d4 {[%clk 0:15:19]} Nf6 {[%clk 0:15:19]} 2. Bf4 {[%clk 0:15:26]} c5
{[%clk 0:15:23]} 3. d5 {[%clk 0:15:34]} d6 {[%clk 0:15:36]} 4. Nc3
{[%clk 0:15:33]} e5 5. dxe6 {[%clk 0:15:19]} Bxe6 {[%clk 0:15:44]} 6. e4
{[%clk 0:15:27]} Be7 {[%clk 0:15:22]} 7. Nf3 {[%clk 0:15:27]} O-O
{[%clk 0:15:23]} 8. Ng5 {[%clk 0:15:27]} Nc6 {[%clk 0:13:57]} 9. Nxe6
{[%clk 0:15:05]} fxe6 {[%clk 0:14:06]} 10. Bc4 {[%clk 0:14:59]} Nd4
{[%clk 0:12:27]} 11. Be3 {[%clk 0:13:56]} d5 {[%clk 0:11:00]} 12. Bd3
{[%clk 0:13:38]} Nc6 {[%clk 0:10:45]} 13. exd5 {[%clk 0:12:30]} exd5
{[%clk 0:10:53]} 14. Bg5 {[%clk 0:12:24]} c4 {[%clk 0:09:10]} 15. Be2
{[%clk 0:11:56]} Kh8 {[%clk 0:09:18]} 16. O-O {[%clk 0:10:51]} d4
{[%clk 0:09:17]} 17. Bxf6 {[%clk 0:10:54]} Bxf6 {[%clk 0:09:25]} 18. Ne4
{[%clk 0:10:29]} d3 {[%clk 0:09:33]} 19. cxd3 {[%clk 0:09:59]} Bxb2
{[%clk 0:09:42]} 20. dxc4 {[%clk 0:10:02]} Bxa1 {[%clk 0:09:49]} 21. Qxa1
{[%clk 0:10:07]} Qd4 {[%clk 0:08:50]} 22. Qb1 {[%clk 0:08:34]} Rae8
{[%clk 0:08:41]} 23. Ng5 {[%clk 0:08:39]} Qh4 {[%clk 0:08:49]} 24. Nf3
{[%clk 0:08:45]} Qh5 {[%clk 0:06:57]} 25. Qxb7 {[%clk 0:08:08]} Qc5
{[%clk 0:06:02]} 26. Qb2 {[%clk 0:07:28]} Ne5 {[%clk 0:06:07]} 27. Qc2
{[%clk 0:07:18]} Ng6 {[%clk 0:05:47]} 28. Bd3 {[%clk 0:06:39]} Nf4
{[%clk 0:05:54]} 29. Be4 {[%clk 0:06:43]} Qh5 {[%clk 0:05:39]} 30. h3
{[%clk 0:05:29]} Re6 {[%clk 0:05:01]} 31. c5 {[%clk 0:04:16]} Rh6
{[%clk 0:04:51]} 32. Nh2 {[%clk 0:03:40]} Qg5 {[%clk 0:02:49]} 33. Kh1
{[%clk 0:03:20]} Ne6 {[%clk 0:02:43]} 34. c6 {[%clk 0:03:05]} Nd4
{[%clk 0:02:51]} 35. Qc4 {[%clk 0:02:46]} Qe5 {[%clk 0:02:49]} 36. Ng4
{[%clk 0:02:32]} Rxh3+ {[%clk 0:02:21]} 37. gxh3 {[%clk 0:02:27]} Qxe4+
{[%clk 0:02:30]} 38. f3 {[%clk 0:02:19]} Rxf3 {[%clk 0:02:36]} 39. Rxf3
{[%clk 0:02:00]} Qxf3+ {[%clk 0:02:45]} 40. Kh2 {[%clk 0:02:04]} Qf4+
{[%clk 0:01:40]} 41. Kg2 {[%clk 0:02:00]} Qe4+ {[%clk 0:01:48]} 42. Kf2
{[%clk 0:01:23]} Qf3+ {[%clk 0:01:56]} 43. Ke1 {[%clk 0:01:28]} Nxc6
{[%clk 0:01:59]} 44. Nf2 {[%clk 0:01:06]} h6 {[%clk 0:01:56]} 45. Qa4
{[%clk 0:00:42]} Qd5 {[%clk 0:01:47]} 46. Kf1 {[%clk 0:00:38]} a5
{[%clk 0:01:50]} 47. Qg4 {[%clk 0:00:24]} Ne7 {[%clk 0:01:46]} 48. Qe4
{[%clk 0:00:14]} Qxe4 {[%clk 0:01:30]} 49. Nxe4 {[%clk 0:00:23]} Kh7
{[%clk 0:01:39]} 50. Nd6 {[%clk 0:00:23]} Kg6 {[%clk 0:01:42]} 51. Kf2
{[%clk 0:00:32]} Kg5 {[%clk 0:01:41]} 52. Kf3 {[%clk 0:00:32]} Kh4
{[%clk 0:01:35]} 53. Kg2 {[%clk 0:00:39]} Nd5 {[%clk 0:01:31]} 54. Nf5+
{[%clk 0:00:29]} Kg5 {[%clk 0:01:40]} 55. Nxg7 {[%clk 0:00:23]} Nc7
{[%clk 0:01:48]} 0-1